| 000 | 00500cam a22001814a 4500 | ||
|---|---|---|---|
| 005 | 20250605163608.0 | ||
| 008 | 250528s ||||||||||||||||||||||||d | ||
| 035 | _a22440 | ||
| 020 | _a9789282576656 | ||
| 040 |
_aGR-AtMCL _bgre _dGR-AtMCL _eAACR2 |
||
| 245 | 1 | _aΟ ΟΙΝΟΣ ΣΤΗΝ ΕΥΡΩΠΑΙΚΗ ΚΟΙΝΟΤΗΤΑ | |
| 250 | _a2 | ||
| 260 |
_bΕυρωπαικα Κειμενα _bΣυλλογικο, _c1988 |
||
| 300 | _a129 | ||
| 942 | _cBK | ||
| 999 |
_c7492 _d7492 |
||